A collection of the Acts of Parliament, now in force, relating to the linen manufacture : with an abstract thereof under proper heads, and an alphabetical index of such words as seem most likely to lead to any particular article.

Bibliographic Details
Corporate Authors: Great Britain, Commissioners and Trustees Appointed by His Majesty for Improving the Linen Manufacture of Scotland (Great Britain)
Format: eBook
Language:English
Published: [Scotland?] : [publisher not identified], 1751
Series:Making of the modern world (Goldsmiths'-Kress Library of Economic Literature)
Subjects:
Online Access:Connect to the full text of this electronic book

MARC

Tag First Indicator Second Indicator Subfields
LEADER 00000cam a2200000Ia 4500
001 in00002300621
005 20190326203517.0
006 m | d |
007 cr |n||||||||n
008 910415s1751 stk slw 000 0 eng d
040 |a DLM  |c GKS  |d OCL  |d Thomson Gale  |d UtOrBLW 
043 |a e-uk-st  |a e-uk--- 
110 1 |a Great Britain. 
245 1 2 |a A collection of the Acts of Parliament, now in force, relating to the linen manufacture :  |b with an abstract thereof under proper heads, and an alphabetical index of such words as seem most likely to lead to any particular article. 
264 1 |a [Scotland?] :  |b [publisher not identified],  |c 1751 
264 3 |a Edinburgh :  |b Assigns of R. Freebairn 
300 |a 6 unnumbered pages, 157 pages 
336 |a text  |b txt  |2 rdacontent 
337 |a computer  |b c  |2 rdamedia 
338 |a online resource  |b cr  |2 rdacarrier 
500 |a "Published by order of the commissioners and trustees appointed by His Majesty, for improving the linen manufacture of Scotland." 
500 |a Reproduction of original from Goldsmiths' Library, University of London. 
500 |a Goldsmiths'-Kress number 08609. 
510 4 |a OCLC,  |c 23468877 
533 |a Electronic reproduction.  |b Farmington Hills, Mich. :  |c Thomson Gale,  |d 2005.  |f (The making of the modern world).  |n Available via the World Wide Web.  |n Access limited to licensing agreements.  |7 s2005 miunns 
500 |a Electronic resource. 
650 0 |a Linen industry  |z Scotland. 
650 0 |a Commercial law  |z Great Britain. 
651 0 |a Great Britain  |x Commercial policy. 
655 0 |a Electronic books. 
710 2 |a Commissioners and Trustees Appointed by His Majesty for Improving the Linen Manufacture of Scotland (Great Britain) 
830 0 |a Making of the modern world (Goldsmiths'-Kress Library of Economic Literature) 
856 4 0 |u http://proxy.library.tamu.edu/login?url=http://galenet.galegroup.com/servlet/MOME?af=RN&ae=U101538948&srchtp=a&ste=14&locID=txshracd2898  |z Connect to the full text of this electronic book  |t 0 
999 |a MARS 
999 f f |s e71f1a05-94a7-3724-85f9-5ef31bd7b9b6  |i eb3e53c3-5df6-3bb9-b4b1-c2eaf3ca91e1  |t 0 
952 f f |a Texas A&M University  |b College Station  |c Electronic Resources  |d Available Online  |t 0  |h No information provided 
998 f f |t 0  |l Available Online